|
|
|
|
| LEADER |
00000naa2a2200000 4500 |
| 001 |
79826 |
| 005 |
20231031094400.0 |
| 035 |
|
|
|a (RuTPU)RU\TPU\book\85813
|
| 090 |
|
|
|a 79826
|
| 100 |
|
|
|a 20050826d2001 k y0rusy50 ca
|
| 101 |
0 |
|
|a rus
|
| 102 |
|
|
|a RU
|
| 200 |
1 |
|
|a Методологические аспекты организации самостоятельной работы студентов
|f Л. С. Федорчук
|
| 463 |
|
0 |
|0 (RuTPU)RU\TPU\book\38730
|t Образовательный стандарт нового поколения. Организационно-технологическое и материально-техническое обеспечение
|o Труды научно-практической конференции
|f Томский политехнический университет; Образовательный стандарт нового покаления. Организационно-технологическое и материально-техническое обеспечение
|v С. 90.
|d 2001
|p 152 с.
|
| 610 |
1 |
|
|a самостоятельные работы
|
| 610 |
1 |
|
|a методология
|
| 610 |
1 |
|
|a методическое обеспечение
|
| 610 |
1 |
|
|a труды учёных ТПУ
|
| 700 |
|
1 |
|a Федорчук
|b Л. С.
|
| 801 |
|
1 |
|a RU
|b 63413507
|c 20050826
|g PSBO
|
| 942 |
|
|
|c BK
|